Women of the four winds

Annie Smith Peck attempted seven times to climb Peru's highest mountain; Delia Akeley hunted big game in Africa; Marguerite Harrison spied in Russia for America; Louise Arner Boyd led expeditions to perilous East Greenland. Precursors of the modern Jane Goodalls and Sally Rides, these women rep...

সম্পূর্ণ বিবরণ

সংরক্ষণ করুন:
গ্রন্থ-পঞ্জীর বিবরন
প্রধান লেখক: Olds, Elizabeth Fagg
বিন্যাস: গ্রন্থ
ভাষা:Undetermined
প্রকাশিত: New York, NY Houghton Mifflin 1985
বিষয়গুলি:
ট্যাগগুলো: ট্যাগ যুক্ত করুন
কোনো ট্যাগ নেই, প্রথমজন হিসাবে ট্যাগ করুন!
Thư viện lưu trữ: Trung tâm Học liệu Trường Đại học Cần Thơ
LEADER 00940nam a2200217Ia 4500
001 CTU_108573
008 210402s9999 xx 000 0 und d
082 |a 910.922 
082 |b O.44 
100 |a Olds, Elizabeth Fagg 
245 0 |a Women of the four winds 
245 0 |c Elizabeth Fagg Olds 
260 |a New York, NY 
260 |b Houghton Mifflin 
260 |c 1985 
520 |a Annie Smith Peck attempted seven times to climb Peru's highest mountain; Delia Akeley hunted big game in Africa; Marguerite Harrison spied in Russia for America; Louise Arner Boyd led expeditions to perilous East Greenland. Precursors of the modern Jane Goodalls and Sally Rides, these women represent a fascinating but forgotten era in the literature of exploration. 
650 |a Explorers, women,Explorers 
650 |x Biography,Biography 
650 |z United states 
904 |i Minh 
980 |a Trung tâm Học liệu Trường Đại học Cần Thơ